Danzerò tra le fauci del drago /

Furkejuvvon:
Bibliográfalaš dieđut
Váldodahkki: Selmi, Antonio, (1946- ) (Dahkki)
Materiálatiipa: Girji
Giella:itáliagiella
Almmustuhtton: Lavagna (Ge) : Zona, 2015
Ráidu:Zona contemporanea
Fáddágilkorat: Lasit fáddágilkoriid
Eai fáddágilkorat, Lasit vuosttaš fáddágilkora!

MARC

LEADER 00000nam a22000007i 4500
001 IT\ICCU\LIG\0248399
003 ItRI
005 20250728195616.0
008 160518s2015 it |||||| ||||| |||||c
020 |a 9788864385020 
040 |b ita  |c MP 
041 7 |a ita  |2 ISO-639-2 
100 1 |a Selmi, Antonio,  |d  (1946- )  |0 IT\ICCU\MILV\133096  |4 aut 
245 1 0 |a Danzerò tra le fauci del drago /  |c Antonio Selmi. 
260 |a Lavagna (Ge) :  |b Zona,  |c 2015 
300 |a 168 p. ;  |c 21 cm 
500 |a In copertina: Romanzo 
830 0 |a Zona contemporanea  |0 IT\ICCU\LI2\0001360 
942 |2 ddc  |c BK 
952 |0 0  |1 0  |2 ddc  |4 0  |6 853_920000000000000_ANT_DAN  |7 0  |9 9399  |a RI  |b RI  |d 2025-07-28  |l 0  |o 853.92 ANT DAN  |p 11517  |r 2025-07-28 20:05:52  |w 2025-07-28  |y BK 
981 1 |6 z01  |a i   |b xxxe  
982 1 |6 z01  |a n 
999 |c 7845  |d 7845